00360nam a2200145Ia 4500008004100000020001500041041001200056082001100068100001700079245005000096250000800146260003600154300000800190650001600198221030s9999 xx 000 0 und d a8131503739 aEnglish a105.23 aK. C. Louden 0aProgramming Languages : Principles & Practice a2nd bThomson LearningaBostonc2007 a694 aBE Computer